Report of the Expert Committee on Correspondence Courses and Evening Colleges (Record no. 489451)

000 -LEADER
fixed length control field 00547cam a22001457a 4500
008 - FIXED-LENGTH DATA ELEMENTS--GENERAL INFORMATION
fixed length control field 180718b1963 xxu||||| |||| 00| 0 eng d
082 ## - DEWEY DECIMAL CLASSIFICATION NUMBER
Classification number P64x54 In2
100 ## - MAIN ENTRY--PERSONAL NAME
Personal name India. Expert Committee on Correspondence Courses and Evening Colleges
245 ## - TITLE STATEMENT
Title Report of the Expert Committee on Correspondence Courses and Evening Colleges
Statement of responsibility, etc. by Ministry of Education
260 ## - PUBLICATION, DISTRIBUTION, ETC.
Place of publication, distribution, etc. Delhi
Name of publisher, distributor, etc. The Manager of Publications
Date of publication, distribution, etc. 1963
300 ## - PHYSICAL DESCRIPTION
Extent 18+p.
500 ## - GENERAL NOTE
General note Chairman: D.S. Kothari
700 ## - ADDED ENTRY--PERSONAL NAME
Personal name India. Ministry of Education
700 ## - ADDED ENTRY--PERSONAL NAME
Personal name Kothari, D.S. (Chairman)
Holdings
Withdrawn status Lost status Damaged status Not for loan Permanent Location Current Location Date acquired Full call number Barcode Date last seen Price effective from Koha item type
        Indian Institute of Public Administration Indian Institute of Public Administration 2018-08-04 P64x54 In2 G4587 2018-08-04 2018-08-04 G

Powered by Koha